000 00855nam a2200277 a 4500
001 56865
003 BD-RjUL
005 20211209080438.0
008 161204s1968 enk b 000 0 eng
020 _a0851570089
035 _a(BD-RjUL)56989
040 _aDLC
_cDLC
_dBD-RjUL
_beng
041 1 _aengrus
082 0 0 _a020.1
_223
_bLEN 1968
245 0 1 _aLenin, Krupskaia and libraries /
_cedited by S. Simsova, translated by G. Peacock and Lucy Prescott.
260 _aLondon :
_bBingley,
_c1968.
300 _a73 p. ;
_c23 cm.
350 _a18/-
504 _aBibliography: p. 66-69.
600 1 0 _aLenin, Vladimir Ilʹich,
_d1870-1924.
_9169118
600 1 0 _aKrupskaya, Nadezhda Konstantinovna,
_d1869-1939.
_9169063
650 0 _aLibraries
_zSoviet Union.
_9169064
700 _aSimsova, Sylva,
_9169065
942 _2ddc
_cBK
999 _c56865
_d56865